top 15 des pays producteurs d'énergie primaire(toutes sources combiné) - Statistiques

Statistiques générales
  • Ce quiz a été pris 40 fois
  • Le résultat moyen est 12 sur 15
Statistiques - réponses
Production (quadrillions BTU) Pays % Correct
126,6 Chine
100%
21,9 Canada
93%
9,09 France
93%
59,9 Russie
93%
10,9 Allemagne
90%
18,6 Brésil
88%
21,5 Inde
88%
18,8 Australie
83%
102,8 États‑Unis
80%
9,99 Italie
80%
10,8 Mexique
78%
27,6 Arabie saoudite
70%
7,96 Turquie
68%
17,2 Corée du Sud
63%
9,79 Royaume-Uni
63%
Aucun quiz correspondant
Distribution des résultats
% des personnes avec chaque résultat
Percentile par nombre de réponses
Votre historique - résultats
Vous n’avez pas pris ce quiz